I tre quarti della vita : romanzo /

সংরক্ষণ করুন:
গ্রন্থ-পঞ্জীর বিবরন
প্রধান লেখক: Groult, Benoîte (লেখক)
বিন্যাস: গ্রন্থ
ভাষা:ইতালিয়
প্রকাশিত: Milano : TEA, 1991
মালা:TEAdue ; 66
ট্যাগগুলো: ট্যাগ যুক্ত করুন
কোনো ট্যাগ নেই, প্রথমজন হিসাবে ট্যাগ করুন!

MARC

LEADER 00000nam a22000007i 4500
001 IT\ICCU\LO1\0347464
003 ItRI
005 20260115231931.0
008 941019s1991 it |||||| ||||| |||||c
020 |a 8878192120 
040 |b ita  |c importazione bologna sebina 
041 7 |a ita  |2 ISO-639-2 
082 |a 843.914  |9 NARRATIVA FRANCESE. 1945-  |2 19 
100 1 |a Groult, Benoîte  |0 IT\ICCU\CFIV\017062  |4 aut 
240 1 4 |a Les trois quarts du temps. -  |3 IT\ICCU\CFI\0030079  |9 Groult, Benoîte 
245 1 2 |a I tre quarti della vita :  |b romanzo /  |c Benoître Groult ; traduzione di Elena Bona. 
260 |a Milano :  |b TEA,  |c 1991 
300 |a 399 p. ;  |c 20 cm. 
830 0 |a TEAdue ;  |v 66  |0 IT\ICCU\CFI\0134828 
942 |2 ddc  |c BK  |n 0 
952 |0 0  |1 0  |4 0  |6 DOC_843_914000000000000_GRO  |7 0  |9 17027  |a BO  |b BO  |d 2026-01-15  |i 6059  |l 0  |o DOC 843.914 GRO  |p BO6059  |r 2026-01-15 23:19:31  |w 2026-01-15  |x [Sebina 5] [1 v.]  |y BK  |z 1 v. 
999 |c 14541  |d 14541